[Event "Championnat de la Loire"]
[Site "?"]
[Date "2020.02.16"]
[Round "5"]
[White "IMPERIALI Joris"]
[Black "BUMBA Ovidiu"]
[Result "1/2-1/2"]
[WhiteElo "2139"]
[BlackElo "1959"]
[PlyCount "107"]

1. Nf3 d5 2. b3 Nf6 3. Bb2 c5 4. e3 Nc6 5. d4 Bg4 6. h3 Bh5 7. Be2 e6 8. 
O-O Be7 9. Nbd2 O-O 10. Ne5 Bxe2 11. Qxe2 Nd7 12. Nxc6 bxc6 13. dxc5 Nxc5 
14. c4 Bf6 15. Ba3 Bxa1 16. Bxc5 Bf6 17. Bxf8 Kxf8 18. e4 Qa5 19. Nf3 Rd8 
20. Rd1 g6 21. g3 Kg7 22. cxd5 cxd5 23. e5 Be7 24. Rc1 Rd7 25. h4 Rc7 26. 
Rd1 Qc5 27. Nd4 Qb6 28. Qf3 f5 29. h5 g5 30. g4 f4 31. Kg2 Bc5 32. h6+ Kg8
33. Qh3 Bxd4 34. Qh5 Rf7 35. Rxd4 f3+ 36. Kg3 Qd8 37. a4 Rb7 38. Rd3 Rf7 
39. Rc3 d4 40. Rc6 d3 41. Rd6 Qe7 42. Rxd3 Rf8 43. b4 Kh8 44. Qh1 Qxb4 45.
 Rxf3 Rf4 46. Kh3 Rxg4 ( 46. ... Qe4 {était gagnant} ) 47. Qc1 Rh4+ 48. 
Kg2 Qg4+ 49. Rg3 Qe4+ 50. Rf3 Qg4+ 51. Rg3 Qe4+ 52. Rf3 Qg4+ 53. Rg3 Qe4+ 
54. Rf3 1/2-1/2

[Event "Championnat de la Loire"]
[Site "?"]
[Date "????.??.16"]
[Round "5"]
[White "FREY Thierry"]
[Black "PHILIP Sylvain"]
[Result "1-0"]
[WhiteElo "1782"]
[BlackElo "1721"]
[PlyCount "57"]

1. e4 e6 2. d4 d5 3. e5 c5 4. Qg4 cxd4 5. Nf3 Nc6 6. Bd3 Qc7 7. Bf4 Nge7 
8. Nbd2 Ng6 9. O-O Nxf4 10. Qxf4 Bc5 11. Qg5 O-O 12. Bxh7+ Kxh7 13. Qh5+ 
Kg8 14. Ng5 Rd8 15. Qh7+ Kf8 16. Qh8+ Ke7 17. Qxg7 Ke8 18. Qg8+ Bf8 19. 
Nh7 Ke7 20. Qg5+ f6 21. Qxf6+ Kd7 22. Qf7+ Ne7 23. Nxf8+ Kc6 24. Nxe6 Bxe6
25. Qxe6+ Kb5 26. c4+ Kc5 27. b4+ Kxb4 28. Rfb1+ Kc3 29. Qh3+ 1-0

[Event "Championnat de la Loire"]
[Site "?"]
[Date "2020.02.16"]
[Round "5"]
[White "DORAN Niall"]
[Black "GARON Pierre"]
[Result "1-0"]
[WhiteElo "1743"]
[BlackElo "1848"]
[EventDate "2020.02.21"]
[PlyCount "49"]
[SourceDate "2020.02.21"]

1. e4 e6 2. d4 d5 3. e5 c5 4. c3 Nc6 5. Nf3 Qb6 6. Bd3 c4 7. Bc2 Nh6 8. 
O-O Bd7 9. b3 cxb3 10. axb3 O-O-O 11. c4 dxc4 12. bxc4 Kb8 13. Nc3 Nb4 14.
 Be4 Qc7 15. Qb3 f5 16. exf6 gxf6 17. Bxh6 Bxh6 18. Qxb4 f5 19. Bd3 Bc6 
20. d5 exd5 21. cxd5 Bxd5 22. Nxd5 Rxd5 23. Qa3 b6 24. Rfe1 Bf8 25. Re8+ 
1-0

[Event "Championnat de la Loire"]
[Site "?"]
[Date "2020.02.16"]
[Round "5"]
[White "PICARD Vincent"]
[Black "GASMI Mehdi"]
[Result "1-0"]
[WhiteElo "1715"]
[BlackElo "1798"]
[EventDate "2020.02.21"]
[PlyCount "121"]
[SourceDate "2020.02.21"]

1. Nf3 c5 2. c4 Nf6 3. Nc3 d6 4. d4 cxd4 5. Nxd4 a6 6. e4 e6 7. Be2 Be7 8.
 O-O Nbd7 9. Be3 O-O 10. Qd2 Qc7 11. Rac1 b6 12. b3 Bb7 13. f3 Rad8 14. 
Rfd1 Ne5 15. Bf1 Qb8 16. Qf2 d5 17. exd5 exd5 18. Nf5 Ba3 19. Bxb6 Bxc1 
20. Bxd8 Rxd8 21. Rxc1 dxc4 22. bxc4 Nd3 23. Bxd3 Rxd3 24. Rd1 Rxd1+ ( 
24. ... Rxc3 25. Qd4 ) 25. Nxd1 Qd8 26. Qd4 Qa5 27. Nc3 h6 28. c5 Qa3 29. 
h3 Qc1+ 30. Kh2 Qc2 31. c6 Qxf5 32. cxb7 ( 32. Nd5 Qxd5 ( 32. ... Bxc6 33.
 Ne7+ ) 33. Qxd5 Nxd5 34. cxb7 ) 32. ... Nd7 33. b8=Q+ Nxb8 34. Qd8+ Kh7 
35. Qxb8 Qc5 36. Ne4 Qd5 37. a3 a5 38. Qd6 Qf5 39. Qc5 Qf4+ 40. Kh1 Qb8 
41. Qxa5 Qb1+ 42. Kh2 Qb8+ 43. Kg1 Qb1+ 44. Kf2 Qb2+ 45. Nd2 Qd4+ 46. Ke2 
g6 47. Qc7 Kg7 48. Qc4 Qe5+ 49. Qe4 Qb5+ 50. Nc4 Qb3 51. Qd4+ Kg8 52. Kf2 
Qa2+ 53. Kg1 Qb1+ 54. Kh2 Qb8+ 55. Qd6 Qb3 56. Nb6 ( 56. Ne5 ) 56. ... Qb5
57. Nd7 h5 58. Qb8+ ( 58. Qf8+ Kh7 59. Nf6# ) 58. ... Qxb8+ 59. Nxb8 Kf8 
60. Kg3 Ke7 61. Kf4 1-0

[Event "Championnat de la Loire"]
[Site "?"]
[Date "2020.02.16"]
[Round "5"]
[White "DOS SANTOS Lilian"]
[Black "ACIKGOZ Tuncay"]
[Result "1-0"]
[WhiteElo "1371"]
[BlackElo "1815"]
[EventDate "2020.02.21"]
[PlyCount "184"]
[SourceDate "2020.02.21"]

1. e4 e5 2. Nf3 Nc6 3. Bc4 Bc5 4. d3 h6 5. Be3 Bb6 6. d4 exd4 7. Nxd4 Qf6 
8. c3 Nge7 9. O-O O-O 10. f4 d6 11. Na3 Qg6 12. f5 Qf6 13. Nac2 Ne5 14. 
Be2 d5 15. exd5 Nxd5 16. Bf3 Nxe3 17. Nxe3 Nxf3+ 18. Rxf3 Bxd4 19. Qxd4 
Qxd4 20. cxd4 c6 21. Re1 Bd7 22. Nc4 Rfe8 23. Rxe8+ Bxe8 24. Re3 Kf8 25. 
Kf2 Rd8 26. Re4 Rd5 27. g4 f6 28. Ke3 Bf7 29. b3 Rd7 30. Kd3 Bd5 31. Rf4 
b6 32. Ne3 Bf7 33. Re4 a5 34. Kc3 b5 35. h4 b4+ 36. Kc2 a4 37. Nc4 Bd5 38.
 Rf4 Re7 39. Kd2 Bf7 40. h5 Bd5 41. Kd3 axb3 42. axb3 Re1 43. Kd2 Rg1 44. 
Kc2 Rg3 45. Nd2 Ke7 46. Kb2 Kd6 47. Kc2 Bg2 48. Ne4+ Bxe4+ 49. Rxe4 Kd5 
50. Rf4 Rc3+ 51. Kb2 Rd3 52. Rf2 Rxd4 53. Rg2 c5 54. Rg1 c4 55. bxc4+ Kxc4
56. Rg3 Rd2+ 57. Kc1 Rd3 58. Rg2 Kc3 59. Rc2+ Kd4 ( 59. ... Kb3 60. Rb2+ 
Ka3 ) 60. Kb2 Rg3 61. Rd2+ Ke4 62. Rc2 Rxg4 63. Rc5 Rg5 64. Kb3 Rxh5 65. 
Kxb4 Rxf5 66. Rc4+ Kf3 67. Kc3 Kg3 68. Kd3 h5 69. Ke2 h4 70. Rc3+ Kg2 71. 
Rc4 Re5+ 72. Kd3 g5 73. Rc2+ Kg3 74. Kd4 h3 75. Rc3+ Kg4 76. Rc2 Kh4 77. 
Rf2 g4 78. Rxf6 Rh5 79. Ke4 h2 80. Rf1 Kg3 81. Rh1 Kg2 82. Ra1 h1=Q 83. 
Rxh1 Rxh1 84. Kf4 Kh3 85. Ke3 Ra1 86. Kf4 Ra5 87. Ke3 g3 88. Kd4 g2 89. 
Kc4 g1=Q 90. Kb4 Qc5+ 91. Kb3 Rb5+ 92. Ka2 Qa7# 1-0

[Event "Championnat de la Loire"]
[Site "?"]
[Date "2020.02.16"]
[Round "5"]
[White "CURSOUX Gérard"]
[Black "BOEUF Jean Julien"]
[Result "1-0"]
[WhiteElo "1815"]
[BlackElo "1454"]
[EventDate "2020.02.21"]
[PlyCount "117"]
[SourceDate "2020.02.21"]

1. e4 Nf6 2. e5 Nd5 3. d4 d6 4. Nf3 Bg4 5. Be2 Nc6 6. h3 Bf5 7. c3 dxe5 8.
 dxe5 Be4 9. Nbd2 Bxf3 10. Nxf3 e6 11. O-O h6 12. Qa4 Nb6 13. Qg4 a6 14. 
Be3 g6 15. Rad1 Qe7 16. b4 Nd5 17. Bc5 h5 18. Qc4 b5 19. Qb3 Qd7 20. Bxf8 
Kxf8 21. c4 bxc4 22. Bxc4 Nce7 23. Bxd5 Nxd5 24. Rc1 Kg7 25. Rc5 Rab8 26. 
a3 Qe7 27. Rfc1 Qd7 28. Qc4 Rb7 29. Nd4 Qa4 30. Ra5 Qd7 31. Nb3 Rb5 32. 
Nc5 Qc6 33. Rxb5 Qxb5 34. Ne4 ( 34. Nxa6 ) 34. ... Qb7 35. Qc6 Rb8 36. Qd7
Qb5 37. Qc6 Qb7 {(=)} 38. Qc4 Qb5 39. Nc5 Qxc4 40. Rxc4 Rb6 41. Kf1 a5 42.
 bxa5 Rb5 43. a6 Ra5 44. g3 Rxa3 45. Ra4 Rc3 46. Nd7 Rc1+ 47. Kg2 c6 48. 
a7 Nc7 49. a8=Q Nxa8 50. Rxa8 c5 51. Nf6 c4 52. h4 c3 53. Rc8 Rc2 54. Ne4 
Re2 55. Kf3 Re1 56. Rxc3 Ra1 57. Rc7 Ra8 58. Ng5 Rf8 59. Nxe6+ 1-0

[Event "championnat de la Loire"]
[Site "?"]
[Date "2020.02.15"]
[Round "5"]
[White "GUICHARD Thomas"]
[Black "JOLY Christian"]
[Result "1-0"]
[WhiteElo "1685"]
[BlackElo "1470"]
[EventDate "2019.11.18"]
[PlyCount "59"]
[SourceDate "2020.02.16"]

1. d4 Nf6 2. Nf3 g6 3. Nc3 Bg7 4. e4 d6 5. Be3 O-O 6. Qd2 c6 7. Be2 b5 8. 
a3 Ng4 9. Bg5 h6 10. Bh4 Qc7 11. h3 Nf6 12. Bg3 Nbd7 13. e5 dxe5 14. dxe5 
Nh5 15. Bh2 Nxe5 16. g4 Rd8 ( 16. ... Nxf3+ 17. Bxf3 Be5 18. Bxe5 Qxe5+ 
19. Qe3 Qxe3+ 20. fxe3 Ng7 ) 17. Qe3 Nxf3+ 18. Bxf3 e5 19. gxh5 Rd6 20. 
hxg6 fxg6 21. O-O Qe7 22. Nxb5 Re6 23. Nc3 h5 24. Ne4 Bd7 25. Nc5 Rd6 26. 
Nxd7 Qxd7 27. Rad1 Rf8 28. Rxd6 Qxd6 29. Be4 Rf7 30. Qd3 1-0

[Event "championnat de la Loire"]
[Site "?"]
[Date "2020.02.15"]
[Round "5"]
[White "VIER Serge"]
[Black "MINCHILLI Franco"]
[Result "1/2-1/2"]
[WhiteElo "1540"]
[BlackElo "1627"]
[EventDate "2019.11.18"]
[PlyCount "49"]
[SourceDate "2020.02.21"]

1. d4 d5 2. c4 e6 3. Nc3 Nf6 4. Bg5 Nbd7 5. Nf3 Bb4 6. cxd5 exd5 7. Qc2 c6
8. e3 Qc7 9. Bd3 h6 10. Bf4 Bd6 11. Bxd6 Qxd6 12. O-O Nf8 13. Rab1 Bg4 14.
 Ne5 N8d7 15. Nxd7 Qxd7 16. f3 Be6 17. Ne2 Qe7 18. e4 dxe4 19. fxe4 O-O 
20. a3 Ng4 21. Rf3 Qh4 22. h3 Nf6 23. Nf4 Bd7 24. Qf2 Qxf2+ 25. Kxf2 
1/2-1/2

[Event "championnat de la Loire"]
[Site "?"]
[Date "2020.02.15"]
[Round "5"]
[White "CARTERON Olivier"]
[Black "TURC Didier"]
[Result "0-1"]
[WhiteElo "1463"]
[BlackElo "1323"]
[EventDate "2019.11.18"]
[PlyCount "100"]
[SourceDate "2020.02.21"]

1. d4 d5 2. Nf3 c6 3. c4 e6 4. Nc3 f5 5. g3 Nf6 6. Bg2 Bd6 7. O-O O-O 8. 
b3 Nbd7 9. Bb2 Ne4 10. Nd2 Ndf6 11. f3 Ng5 12. e4 Bc7 13. Ba3 Re8 14. cxd5
( 14. e5 ) 14. ... exd5 15. e5 Nd7 16. Qc2 Nf8 17. Rac1 Ng6 18. Bb2 f4 19.
 Ne2 fxg3 20. hxg3 Bh3 21. f4 Bxg2 22. Kxg2 Nf7 23. f5 Nf8 24. Ba3 Qg5 25.
 Nf3 Qg4 26. Nh2 Qg5 27. Bxf8 Rxf8 28. Nf3 Qg4 29. Nf4 Ng5 30. Nxg5 Qxg5 
31. Ne6 Qg4 32. Rf4 Qh5 33. Nxc7 ( 33. Rh1 Qf7 34. f6 ) 33. ... g5 34. 
fxg6 Rxf4 35. gxh7+ Kh8 36. gxf4 Qg4+ 37. Kh1 Rf8 38. Rg1 Qf3+ 39. Rg2 
Qf1+ 40. Rg1 Qf3+ 41. Rg2 Qf1+ 42. Kh2 ( 42. Rg1 ) 42. ... Qxf4+ 43. Rg3 
Rf5 44. Ne6 Qh6+ 45. Rh3 Qxe6 46. Qg2 Qe8 47. Kg1 Rf7 48. Qc2 Rg7+ 49. Kh2
Qf8 50. Qd2 Qf1 0-1

[Event "championnat de la Loire"]
[Site "?"]
[Date "2020.02.15"]
[Round "5"]
[White "CALDERON-FERNANDEZ Gérard"]
[Black "MEGNOT Philippe"]
[Result "1-0"]
[WhiteElo "1326"]
[BlackElo "1456"]
[EventDate "2019.11.18"]
[PlyCount "105"]
[SourceDate "2020.02.21"]

1. e4 c5 2. Nf3 Nc6 3. Nc3 d6 4. d4 cxd4 5. Nxd4 a6 6. Be3 g6 7. Be2 Bg7 
8. Qd2 Nf6 9. f3 Bd7 10. g4 Rc8 11. g5 Nh5 12. Nxc6 Bxc6 13. Bd4 b5 14. 
Bxg7 Nxg7 15. a3 Ne6 16. Bf1 Nc5 17. Qd4 Rg8 18. O-O-O Ne6 19. Qd2 Qa5 20.
 h4 Rb8 21. Nd5 Qxd2+ 22. Rxd2 Bxd5 23. Rxd5 Nc5 24. e5 Rd8 25. exd6 exd6 
26. c4 bxc4 27. Bxc4 Kf8 28. b4 Na4 29. Bxa6 Kg7 30. Rh2 Nb6 31. Rd3 Rge8 
32. Kb2 d5 33. Rhd2 Rd6 34. Bb5 Red8 35. a4 d4 36. Kb3 Kf8 37. a5 Na8 38. 
a6 Nc7 39. Bc4 Ne6 40. Bxe6 fxe6 41. f4 Rxa6 42. Rxd4 Rxd4 43. Rxd4 Ke7 
44. b5 e5 ( 44. ... Rb6 ) 45. fxe5 Rb6 46. Kb4 Ke6 47. Rd6+ Rxd6 48. exd6 
Kxd6 49. Ka5 Kc7 50. Ka6 Kb8 51. Kb6 Ka8 52. Kc6 Ka7 53. b6+ 1-0

[Event "championnat de la Loire"]
[Site "?"]
[Date "2020.02.15"]
[Round "5"]
[White "MARTIN Julien"]
[Black "POYET Louis"]
[Result "1-0"]
[WhiteElo "1405"]
[BlackElo "1237"]
[EventDate "2019.11.18"]
[PlyCount "159"]
[SourceDate "2020.02.21"]

1. e4 e5 2. Nf3 Nc6 3. Bb5 a6 4. Bxc6 dxc6 5. Nc3 Bg4 6. O-O Nf6 7. d3 Bc5
8. Qe2 O-O 9. Be3 Qe7 10. Na4 Bxe3 11. Qxe3 Rad8 12. Nd2 Nd7 13. Nc3 b5 
14. Rfe1 Nb6 15. Qg3 Bh5 16. Nf3 Bxf3 17. Qxf3 c5 18. Nd1 c4 19. Re3 Rd6 
20. b3 cxd3 21. Rxd3 Rfd8 22. Rxd6 Qxd6 23. Ne3 f6 24. Qg4 Qd7 25. Rd1 Qe7
26. Rxd8+ Qxd8 27. h3 c5 28. Qe6+ Kf8 29. Nf5 Qc7 30. Nd6 ( 30. h4 ) 
30. ... Qe7 31. Qxe7+ Kxe7 32. Nf5+ Kf7 33. Kf1 g6 34. Ne3 Ke6 35. Ke2 c4 
36. bxc4 Nxc4 37. Nd5 Nd6 38. f3 a5 39. Kd3 f5 40. Nc7+ Kd7 41. Nd5 Ke6 
42. Nc3 f4 43. Nd5 h6 44. c3 Kd7 45. Nb6+ Kc6 46. Nd5 g5 47. Ne7+ Kc5 48. 
Ng6 Nc4 49. Nh8 Nd6 50. Ng6 Nf7 51. Ne7 Nd8 52. Nf5 Nf7 53. a3 h5 54. Ne7 
Nd8 ( 54. ... Nd6 55. Nd5 Nc4 ) 55. Nd5 h4 56. Nf6 Nf7 57. Ng4 b4 58. 
cxb4+ axb4 59. axb4+ Kxb4 60. Nf2 Nd8 61. Nd1 Nc6 62. Nc3 Kb3 63. Nb5 Nb4+
64. Kd2 Nc6 65. Nd6 Nd8 66. Kd3 Kb4 67. Nc4 Nf7 68. Nb6 Nd6 69. Nd5+ Kb3 
70. Nf6 Nf7 71. Nd7 Kb4 72. Kc2 Kc4 73. Nb6+ Kb5 74. Nd5 Kc4 75. Nc3 Nd6 
76. Na4 Kb4 77. Nb6 Kb5 78. Nd7 Nc4 ( 78. ... Nf7 ) 79. Kc3 Kc6 80. Kxc4 
1-0

[Event "championnat de la Loire"]
[Site "?"]
[Date "2020.02.15"]
[Round "5"]
[White "FANGET Guy"]
[Black "ZAOUAK Fahim"]
[Result "1/2-1/2"]
[WhiteElo "1246"]
[BlackElo "1584"]
[EventDate "2019.11.18"]
[PlyCount "127"]
[SourceDate "2020.02.22"]

1. d4 d5 2. c4 e6 3. Nc3 c6 4. Nf3 f5 5. e3 Bd6 6. c5 Bc7 7. Ne5 Nf6 8. 
Be2 O-O 9. Bf3 Nbd7 10. Nxd7 Bxd7 11. Bd2 Ne4 12. Ne2 Ba5 13. Nc3 Qf6 14. 
Rc1 Bc7 15. Ne2 Qh4 ( 15. ... e5 ) 16. g3 Qh6 17. Nf4 g5 18. Ng2 a5 19. 
O-O Qh3 20. Bxe4 fxe4 21. f4 g4 ( 21. ... exf3 22. Rxf3 e5 ) 22. Qe2 b5 
23. Nh4 Bd8 24. Qg2 Bxh4 25. Qxh3 gxh3 26. gxh4 Kh8 27. Kh1 Rg8 28. Rg1 a4
29. Rg5 h6 30. Rxg8+ Rxg8 31. Rg1 Be8 32. Rxg8+ Kxg8 33. Be1 Kg7 34. Bg3 
Kg6 35. Kg1 Kh5 36. Kf2 Kg4 37. Ke2 Bd7 38. Kf2 Bc8 39. b3 axb3 40. axb3 
b4 41. Ke2 Ba6+ 42. Kd2 Kf3 43. f5 exf5 44. h5 Kg4 45. Ke1 Kxh5 46. Kf2 
Kg4 47. Bf4 Bd3 48. Bxh6 Bc2 49. Ke2 Bxb3 50. Kd2 Kf3 51. Bf4 Kf2 52. Bg3+
Kf1 53. Be1 Bc4 ( 53. ... f4!! 54. exf4 ( 54. Bh4 f3 ) 54. ... e3+ 55. Kd3
Kxe1 56. Kxe3 Bc2 ) 54. Kd1 Be2+ 55. Kd2 b3 56. Bg3 Bc4 57. Kc3 Kg2 58. 
Bf4 Kf2 59. Bg5 Ke2 60. Bf4 Kd1 61. Kb2 Kd2 62. Bg5 Ke2 63. Bf4 Kf1 64. 
Bg5 1/2-1/2

[Event "championnat de la Loire"]
[Site "?"]
[Date "2020.02.15"]
[Round "5"]
[White "PONCET Baptiste"]
[Black "BRACHET Gérard"]
[Result "1-0"]
[WhiteElo "1070"]
[BlackElo "1340"]
[EventDate "2019.11.18"]
[PlyCount "61"]
[SourceDate "2020.02.22"]

1. e4 e5 2. Nf3 d6 3. Bc4 Bg4 4. Nc3 a6 5. a3 Nf6 6. d3 c6 7. d4 b5 8. Ba2
Qb6 9. Be3 Nbd7 10. dxe5! Bxf3 11. Bxb6 ( 11. Qxf3 ) 11. ... Bxd1 12. Rxd1
Nxe5 13. Bc7 Kd7 14. Bb6 Rc8 15. Bd4 Ng6 16. Bxf7 Be7 17. e5 Rhf8 18. e6+ 
Kc7 19. a4 b4 20. a5 c5 21. Bxf6 bxc3 22. Bxg7 Rfd8 23. Bxc3 Ne5 24. Bh5 
Kc6 ( 24. ... Nc6 ) 25. b3 Bf6 26. O-O Rc7 27. f4 Rg7 28. fxe5 Bxe5 29. 
Bxe5 Rg5 30. Bf3+ d5 31. Bf6 1-0

[Event "championnat de la Loire"]
[Site "?"]
[Date "2020.02.15"]
[Round "5"]
[White "SOUBEYRAN Emilie"]
[Black "LIBISZEWSKI Christian"]
[Result "1/2-1/2"]
[WhiteElo "1199"]
[BlackElo "1286"]
[EventDate "2019.11.18"]
[PlyCount "66"]
[SourceDate "2020.02.22"]

1. e4 e6 2. d4 d5 3. exd5 exd5 4. Bd3 Bd6 5. Nf3 Nf6 6. O-O O-O 7. Bg5 h6 
8. Bh4 Be7 9. Re1 Be6 10. h3 Qd7 11. c3 Re8 12. Nbd2 Nc6 13. Qc2 a6 14. a3
Nh5 15. Re2 Nf4 16. Ree1 Nxd3 17. Qxd3 b5 18. b3 Qd8 19. Bg3 Bd6 20. Nh4 
Qd7 21. Bh2 Ne7 22. g4 Bxh2+ 23. Kxh2 f5 24. f3 g5 25. Nxf5 Nxf5 26. gxf5 
Bxf5 27. Qf1 Qd6+ 28. f4 Qxf4+ 29. Qxf4 gxf4 30. Nf3 Kg7 31. Nh4 Be4 32. 
Rf1 Rf8 33. Ng2 Bxg2 1/2-1/2

[Event "championnat de la Loire"]
[Site "?"]
[Date "2020.02.15"]
[Round "5"]
[White "ASTAR Valentin"]
[Black "TROTTET François"]
[Result "0-1"]
[WhiteElo "1179"]
[BlackElo "1425"]
[EventDate "2019.11.18"]
[PlyCount "86"]
[SourceDate "2020.02.22"]

1. e4 c5 2. Nf3 d6 3. d4 cxd4 4. Nxd4 Nf6 5. Nc3 a6 6. Be2 e6 7. Bg5 Be7 
8. Bxf6 Bxf6 9. Qd2 Qc7 10. O-O O-O 11. Rad1 b6 12. Nf3 Rd8 13. Rfe1 Bb7 
14. Bd3 Nc6 15. Qf4 Ne5 16. Nxe5 Bxe5 17. Qh4 Bf6 18. Qh5 g6 19. Qf3 Bxc3 
20. bxc3 Qxc3 21. Qe3 Qc5 22. Qf3 Kg7 23. Qg3 Qe5 24. Qxe5+ dxe5 25. Rb1 
b5 26. a4 Bc6 27. axb5 axb5 28. Bxb5 Bxb5 29. Rxb5 Kf6 30. g3 Ra2 31. Rc5 
Rd2 32. Rc1 h5 33. Kf1 Ra3 34. Kg2 Re3 35. c4 Rxe4 36. Rc7 Ree2 37. Rf1 e4
38. Kg1 e3 39. fxe3+ Kg5 40. Rc5+ f5 41. Re5 Rg2+ 42. Kh1 Rxh2+ 43. Kg1 
Rdg2# 0-1

[Event "championnat de la Loire"]
[Site "?"]
[Date "2020.02.15"]
[Round "5"]
[White "BERNARD DE STE AFFRIQUE Guillaume"]
[Black "MIALON Franck"]
[Result "0-1"]
[WhiteElo "1199"]
[BlackElo "1227"]
[EventDate "2019.11.18"]
[PlyCount "88"]
[SourceDate "2020.02.22"]

1. e4 e5 2. Nf3 Nf6 3. Nc3 Nc6 4. Bc4 Bc5 5. O-O O-O 6. Nd5 Nxd5 ( 6. ... 
Nxe4 ) 7. exd5 Na5 8. d4 exd4 9. Nxd4 Qh4 10. c3 Nxc4 11. b4 Bd6 12. g3 
Qh3 13. Qd3 Ne5 14. Qf5 Ng4 15. Nf3 g6 16. Qg5 f5 17. Rd1 f4 18. Bxf4 Rf5 
19. Qh4 Qxh4 20. Nxh4 Rh5 21. Re1 Bxf4 22. gxf4 Rxh4 23. Re2 d6 24. f3 Nf6
25. Re6 Bxe6 26. dxe6 Re8 27. f5 gxf5 28. Re1 Nd5 29. Re2 Nf4 30. Re1 Rxe6
31. Rxe6 Nxe6 32. c4 Rxc4 33. a3 Rc2 34. a4 d5 35. h3 d4 36. Kf1 d3 37. 
Ke1 Ra2 38. a5 Nd4 39. f4 Nb5 40. Kd1 Nc3+ 41. Ke1 Rh2 42. Kf1 d2 43. Kg1 
Re2 44. a6 d1=Q# 0-1

[Event "championnat de la Loire"]
[Site "?"]
[Date "2020.02.15"]
[Round "5"]
[White "CHOQUELLE Jean"]
[Black "IOBAGIU Christina"]
[Result "1-0"]
[WhiteElo "1120"]
[BlackElo "1199"]
[EventDate "2019.11.18"]
[PlyCount "49"]
[SourceDate "2020.02.22"]

1. d4 d6 2. c4 Nd7 3. Nc3 c5 4. Nf3 e5 5. d5 h6 6. e4 Ngf6 7. Nh4 Be7 ( 
7. ... Nxe4 8. Nxe4 Qxh4 ) 8. Nf5 O-O 9. Be2 Nb6 10. O-O Bxf5 11. exf5 e4 
12. f3 exf3 13. Rxf3 Ng4 14. Bf4 Ne5 15. Rg3 Qd7 16. Bxh6 Rfe8 ( 16. ... 
Bf6 17. Bxg7 Bxg7 18. f6 Ng6 ) 17. Rxg7+ Kh8 18. Qf1 Bf6 19. Rg3 Kh7 20. 
Be3 Nc8 21. Ne4 ( 21. Qf4 ) 21. ... Qe7 22. Ng5+ Kg7 23. Ne6+ Kh8 24. Bg5 
Rg8 25. Rh3# 1-0